<?xml version="1.0" encoding="UTF-8"?><?xml-stylesheet type="text/xsl" href="static/style.xsl"?><OAI-PMH xmlns="http://www.openarchives.org/OAI/2.0/" xmlns:xsi="http://www.w3.org/2001/XMLSchema-instance" xsi:schemaLocation="http://www.openarchives.org/OAI/2.0/ http://www.openarchives.org/OAI/2.0/OAI-PMH.xsd"><responseDate>2026-06-29T02:33:41Z</responseDate><request verb="GetRecord" identifier="oai:docta.ucm.es:20.500.14352/115025" metadataPrefix="marc">https://docta.ucm.es/rest/oai/request</request><GetRecord><record><header><identifier>oai:docta.ucm.es:20.500.14352/115025</identifier><datestamp>2025-09-16T15:13:46Z</datestamp><setSpec>com_20.500.14352_14</setSpec><setSpec>col_20.500.14352_15</setSpec></header><metadata><record xmlns="http://www.loc.gov/MARC21/slim" xmlns:dcterms="http://purl.org/dc/terms/" xmlns:xsi="http://www.w3.org/2001/XMLSchema-instance" xmlns:doc="http://www.lyncode.com/xoai" xsi:schemaLocation="http://www.loc.gov/MARC21/slim http://www.loc.gov/standards/marcxml/schema/MARC21slim.xsd">
   <leader>00925njm 22002777a 4500</leader>
   <datafield ind2=" " ind1=" " tag="042">
      <subfield code="a">dc</subfield>
   </datafield>
   <datafield ind2=" " ind1=" " tag="720">
      <subfield code="a">Hinarejos Martín, Nuria</subfield>
      <subfield code="e">author</subfield>
   </datafield>
   <datafield ind2=" " ind1=" " tag="260">
      <subfield code="c">2020</subfield>
   </datafield>
   <datafield ind2=" " ind1=" " tag="520">
      <subfield code="a">El objeto de este artículo es realizar un estudio pormenorizado del proyecto defensivo elaborado por el mariscal de campo irlandés Alejandro O´Reilly a su llegada a Puerto Rico en abril de 1765, cuyas obras comenzaron el 1 de enero del año siguiente bajo la dirección del ingeniero jefe de las Reales Obras de Fortificación de la isla, Thomas O´Daly, quien trabajó en la isla desde 1762 hasta el 19 de enero de 1781 cuando falleció. Este plan de defensas se convirtió en la base de todas las obras realizadas por los ingenieros militares que trabajaron en la isla al servicio de la Corona española durante esta centuria.</subfield>
   </datafield>
   <datafield ind1="8" ind2=" " tag="024">
      <subfield code="a">HINAREJOS MARTIN, Nuria. "El Plan de Defensas de Puerto Rico: las propuestas de Alejandro O´Reilly y su desarrollo por Thomas O´Daly", Boletín Americanista, nº 81, LLX, 2, 2020, pág. 109-134.</subfield>
   </datafield>
   <datafield ind1="8" ind2=" " tag="024">
      <subfield code="a">0520-4100</subfield>
   </datafield>
   <datafield ind1="8" ind2=" " tag="024">
      <subfield code="a">https://hdl.handle.net/20.500.14352/115025</subfield>
   </datafield>
   <datafield ind1="8" ind2=" " tag="024">
      <subfield code="a">https://doi.org/10.1344/BA2020.81.1005</subfield>
   </datafield>
   <datafield ind2="0" ind1="0" tag="245">
      <subfield code="a">El Plan de Defensas de Puerto Rico: las propuestas de Alejandro O´Reilly y su desarrollo por Thomas O´Daly</subfield>
   </datafield>
</record></metadata></record></GetRecord></OAI-PMH>